[Event "Mukachevo IM October 2019"]
[Site "Mukachevo"]
[Date "2019.10.06"]
[Round "9.5"]
[White "Sernecki, Franciszek"]
[Black "Boricsev, Oleg"]
[Result "1-0"]
[WhiteElo "2276"]
[BlackElo "2241"]
[Annotator "TA"]
[PlyCount "86"]
[EventDate "2019.10.01"]
[EventType "tourn"]
[EventCountry "UKR"]
[SourceTitle "playchess.com"]
[Source "ChessBase"]
[SourceQuality "1"]

{[%evp 18,86,40,35,102,100,96,95,115,124,125,95,110,104,112,97,99,98,102,101,118,109,126,121,123,118,175,155,168,165,164,127,212,149,248,256,295,289,259,270,286,253,291,286,252,102,110,118,338,332,354,348,320,339,419,420,436,456,527,506,872,872,2009,2002,29989,29990,29990,6311,2260,2173,369]} 1. d4 d5 2. c4 e6 3. Nf3 Nf6 4. e3 Be7 5. Nc3 O-O 6. Bd3 b6 7. O-O Bb7 8. b3 Nbd7 9. Bb2 Ne4 10. Rc1 Bf6 $146 {E14: Queen's Indian: Classical Variation (4 e3)} (10... Nxc3 $14 11. Rxc3 (11. Bxc3 Ba3 $11) 11... Nf6) ({Predecessor:} 10... f5 11. Ne2 Bd6 12. Ne5 Bxe5 13. dxe5 Ndc5 14. Nd4 Qe8 15. Be2 dxc4 16. Bxc4 a5 17. f3 Ng5 18. Ba3 Rd8 {1-0 (69) Hansen,E (2629)-Hammer,J (2631) chess.com INT 2018}) 11. Bxe4 $16 dxe4 12. Nd2 g6 {White is better.} 13. Ndxe4 Bg7 14. Qe2 Qe7 15. Rfd1 Rad8 16. Ng3 f5 17. f3 c5 18. d5 Ne5 19. e4 f4 20. Nh1 $1 g5 21. Nf2 h5 (21... g4 $16 {was worth a try.} 22. Nxg4 Nxg4) 22. dxe6 $18 Qxe6 23. Rxd8 Rxd8 24. Rd1 Rf8 (24... Rxd1+ $16 {was called for.} 25. Qxd1 (25. Nfxd1 Nc6 $16) (25. Ncxd1 g4 $16) 25... Nf7) 25. Nd5 g4 (25... Rf7 $16 26. Bc3 Nc6 27. Bxg7 Rxg7) 26. Bxe5 gxf3 27. gxf3 ({Weaker is} 27. Qxf3 Qxe5 28. Kh1 Qg5 $16) 27... Bxe5 28. Kh1 Kh8 29. Nd3 Bd4 30. N3xf4 Qh6 31. Qd2 (31. Ng2 $18) 31... Bxd5 $16 32. Nxd5 Qg7 $2 {[#]} (32... Qxd2 $16 33. Rxd2 Rxf3) 33. Qg2 $1 $18 Qf7 34. f4 Rg8 35. Qf3 Rg4 36. h3 Rg8 {and the idea ...h4 leaves Black hopeful.} 37. Ne3 Bxe3 38. Qxe3 {[%mdl 4096] Endgame KQR-KQR} Qg6 (38... Kh7 $142 39. Rd5 Qg6) 39. Qf3 h4 40. f5 Qf6 41. Qh5+ Kg7 {[#]} 42. Rg1+ (42. e5 $142 $1 Qc6+ (42... Qxe5 43. Rd7+) 43. Kh2 Qc7 44. Rg1+ Kf8 45. Qh6+ Qg7 46. Rxg7 Rxg7 47. f6 {[%mdl 64] Pin}) 42... Kf8 43. Rxg8+ Kxg8 {Accuracy: White = 67%, Black = 30%.} 1-0